Bakteriologisch-serologisches Praktikum für medizinisch-technisches Personal /

Hlavní autor: Martinek, Rudolf
Jazyk: Němčina
Vydáno: Jena : G. Fischer, 1963
Vydání: 2., veb. Aufl.
Fyzický popis: 179 s.
Knihy
Uloženo v:
LEADER 00710nam a22002172a 4500
001 001422400
003 CZ BrMZK
005 20150120112529.0
007 ta
008 140923s1963 gw er|||||||||||ger d
040 |a BOA001  |b cze 
100 1 |a Martinek, Rudolf  |4 aut 
245 1 0 |a Bakteriologisch-serologisches Praktikum für medizinisch-technisches Personal /  |c von Rudolf Martinek ; unter Mitarbeit von Renate Süpke 
250 |a 2., veb. Aufl. 
260 |a Jena :  |b G. Fischer,  |c 1963 
300 |a 179 s. 
504 |a Obsahuje bibliografii 
910 |a BOA001  |b 2-0408.205-63 
990 |a BK 
991 |b 201409 
996 7 |b 2619125748  |c 2-0408.205-63  |l MZK  |r Sklad / do 24 hodin  |n 0  |w 001457446  |u 000010  |a 1  |e BOA001  |j MZK50  |s A